<?xml version="1.0" encoding="UTF-8"?>
<record
    xmlns:xsi="http://www.w3.org/2001/XMLSchema-instance"
    xsi:schemaLocation="http://www.loc.gov/MARC21/slim http://www.loc.gov/standards/marcxml/schema/MARC21slim.xsd"
    xmlns="http://www.loc.gov/MARC21/slim">

  <leader>00472nam a22001697a 4500</leader>
  <controlfield tag="005">20230118120715.0</controlfield>
  <controlfield tag="008">221221b        |||||||| |||| 00| 0 eng d</controlfield>
  <datafield tag="020" ind1=" " ind2=" ">
    <subfield code="a">978-81312-6211-5</subfield>
  </datafield>
  <datafield tag="041" ind1=" " ind2=" ">
    <subfield code="a">eng</subfield>
  </datafield>
  <datafield tag="082" ind1=" " ind2=" ">
    <subfield code="a">616.07-SIN- R </subfield>
  </datafield>
  <datafield tag="100" ind1=" " ind2=" ">
    <subfield code="a">SINGH ,MANOJ .K  AND KUMAR , VINAY </subfield>
    <subfield code="9">7436</subfield>
  </datafield>
  <datafield tag="245" ind1=" " ind2=" ">
    <subfield code="a">ROBBINS &amp; CORTAN PATHOLOGIC BASIC OF DISEASE  -VOL- II</subfield>
  </datafield>
  <datafield tag="250" ind1=" " ind2=" ">
    <subfield code="a">10th ed. </subfield>
  </datafield>
  <datafield tag="260" ind1=" " ind2=" ">
    <subfield code="b">ELSEVIER </subfield>
    <subfield code="c">2021</subfield>
  </datafield>
  <datafield tag="650" ind1=" " ind2=" ">
    <subfield code="a">BPT   PHARMACY</subfield>
    <subfield code="x">D.PHARMA</subfield>
    <subfield code="9">7471</subfield>
  </datafield>
  <datafield tag="942" ind1=" " ind2=" ">
    <subfield code="c">BK</subfield>
  </datafield>
  <datafield tag="999" ind1=" " ind2=" ">
    <subfield code="c">8179</subfield>
    <subfield code="d">8177</subfield>
  </datafield>
  <datafield tag="952" ind1=" " ind2=" ">
    <subfield code="0">0</subfield>
    <subfield code="1">0</subfield>
    <subfield code="4">0</subfield>
    <subfield code="7">0</subfield>
    <subfield code="8">REF</subfield>
    <subfield code="a">JRU</subfield>
    <subfield code="b">JRU</subfield>
    <subfield code="c">SHELF- 8 - C</subfield>
    <subfield code="d">2022-11-19</subfield>
    <subfield code="e">LOHIA BOOK INTERNATIONAL </subfield>
    <subfield code="l">0</subfield>
    <subfield code="o">616.07-SIN- R </subfield>
    <subfield code="p">27263</subfield>
    <subfield code="r">2022-12-21 00:00:00</subfield>
    <subfield code="w">2022-11-19</subfield>
    <subfield code="y">BK</subfield>
  </datafield>
</record>
